00392nam a22001337a 450000500170000000800410001704100250005808200130008310000250009624500420012126000400016330000290020365000260023220240307071728.0240307b |||||||| |||| 00| 0 eng d aAfrikaans / English  a349 BUT  lAfrikaans / English  aTydskrif vir die Suid-Afrikaanse Reg  aKaapstad : bJuta en Kie Bpk,c1980 b212 blaadsye ; c25 cm.  aLegal practice bLaw